000 00559nas a22001457a 4500
008 130313t19959999ag ||||| |||| 00| 0 spa d
245 _aRaices Revista de Plantas Medicinales
260 _aBuenos Aires:
_bCentro de Estudios sobre Tecnologias Apropiadas de la Argentina,
_c1995
300 _av. :
310 _acuatrimestral
546 _aespaƱol
590 _aExistencias: 1995 6(10,11); 1996 7(13,14); 1998 9(18-20); 1999 10(21,23); 2000 11(24); 2002 11(26,27); 2003 11(28) 12(29); 2004 12(30,31)
650 _aPLANTAS MEDICINALES
_91976
942 _2ddc
_cCR
999 _c1249
_d1249